| 000 | 01016cam a2200277 4500 | ||
|---|---|---|---|
| 008 | 090401t1993 xxu||||| |||| 00| 0 eng d | ||
| 020 | _a0419151206 | ||
| 035 | _a(Sirsi) u39315 | ||
| 041 | _aeng | ||
| 050 | _a658.1552 | ||
| 100 | _aKelly, John | ||
| 245 | _aValue management in design and construction: the economic management of projects. | ||
| 260 |
_aLondon _bE. & F.N. Spon _c1993 |
||
| 300 | _axii,181p. ; 24cm. | ||
| 350 | _a19.95 | ||
| 520 | _aDescribes value management in design and construction and its development and practice in North America followed by A Proposal for a UK Implementation of Value Management. Research sponsored by the RICS Education Trust and the RICS Quantity Surveyors Division. | ||
| 650 | _aBUILDING INDUSTRY | ||
| 650 |
_aCost management _96233 |
||
| 650 | _aLIFE-CYCLE COSTING | ||
| 650 | _aMANAGEMENT-PROJECT MANAGEMENT | ||
| 650 | _aVALUE MANAGEMENT | ||
| 690 |
_aProject management _96261 |
||
| 700 | _aMale, Steven | ||
| 942 | _n0 | ||
| 948 | _c04/03/1997 | ||
| 999 |
_c90758 _d90758 |
||